|
|
|
|
| LEADER |
00669cam a2200193 7i4500 |
| 001 |
0000032026 |
| 005 |
20150805090000.0 |
| 090 |
0 |
0 |
|a M 305.8900959
|b TRA
|
| 245 |
0 |
0 |
|a Transforming Malaysia :
|b dominant and competing paradigms.
|
| 260 |
0 |
0 |
|a Singapore:
|b Institute of Southeast Asian Studies,
|c 2014.
|
| 300 |
# |
# |
|a 239 pages.
|
| 651 |
0 |
0 |
|a Malaysia --
|x Economic policy
|
| 651 |
0 |
0 |
|a Malaysia --
|x Foreign relations
|
| 651 |
0 |
0 |
|a Malaysia --
|x Politics and government
|
| 651 |
0 |
0 |
|a Malaysia --
|x Race relations
|
| 700 |
1 |
0 |
|a Milner, Anthony
|
| 700 |
1 |
0 |
|a Abdul Rahman Embong
|
| 700 |
1 |
0 |
|a Tham, Siew Yean
|
| 999 |
|
|
|a B000035757
|b Book
|c International
|e Business Information Centre
|